| 000 | 00817 a2200205 4500 | ||
|---|---|---|---|
| 001 | 59513 | ||
| 005 | 20260407155849.0 | ||
| 008 | 260407a1968 arg spa d | ||
| 003 | AR-UNSa-BCEJYS | ||
| 040 |
_aAR-UNSa-BCEJYS _bspa _cAR-UNSa-BCEJYS |
||
| 080 |
_a330.34.01 _xTeoría del desarrollo económico |
||
| 245 | 1 | 0 | _aPrincipios de desarrollo económico |
| 264 | 1 |
_aBuenos Aires : _bTEA (Tipográfica Editora Argentina) _c1968 |
|
| 300 |
_a501 p. _c23 cm. |
||
| 505 | _a1. Sobre el crecimiento económico y el subdesarrollo - 2. Sobre la formación de capital - 3. Sobre los usos de los recursos invertibles - 4. Acerca de la asignación de recursos invertibles - 5. Algunas cuestiones especiales - | ||
| 041 | _aspa | ||
| 942 | _cBK | ||
| 590 | _aniveau_biblio:m niveau_hierar:0 | ||
| 100 | 1 | _aBruton, Henry J. | |
| 999 |
_c6719 _d6719 |
||